000 00786nam a2200217 a 4500
001 015109
003 BD-ChCU
008 Ben
020 _a৯৮৪৩২১০৯১২
040 _aDLC
_cDLC
_dBD-ChCU
082 0 0 _a১৮৪/মোস্তা৯প্লে
100 1 _aমোস্তাইন বিল্লাহ, কাজী
_b-
245 1 0 _aপ্লেটোর সাহিত্য দর্শন
_bইয়ন, রিপাবলিক ২-৩ এবং ১০ এর অনুবাদ
250 _a***
260 _aঢাকা
_bফ্রেন্ডস বুক কর্ণার
_c১৯৯১
300 _a**
504 _a- Biblio-
650 0 _aপ্লেটো-দর্শন
_bদর্শন
700 1 _a-
942 _2ddc
_cBK
999 _c15109
_d15109